000
00229nam a2200109Ia 4500
005
20251222143159.0
008
251222s9999||||xx |||||||||||||| ||spa||
082
_a
516/C46
245
0
_a
GeometrĂa
264
_b
UNFV
942
_c
LIB
999
_c
13010
_d
13010